[Event "Hainaut-ch"]
[Site "Manage"]
[Date "2008.08.23"]
[Round "1.24"]
[White "Moury, Stephen"]
[Black "Ooghe, Jean Marie"]
[Result "0-1"]
[WhiteElo "1188"]
[BlackElo "1800"]
[PlyCount "42"]
[EventDate "2008.08.23"]
[EventType "swiss"]
[EventRounds "9"]
[EventCountry "BEL"]
[SourceTitle "EXT 2024"]
[Source "ChessBase"]
[SourceDate "2023.10.10"]
[SourceVersion "1"]
[SourceVersionDate "2023.10.10"]
[SourceQuality "1"]

1. e4 d6 2. d4 Nf6 3. Nc3 g6 4. Nf3 Bg7 5. g3 0-0 6. Bg2 c5 7. dxc5 Qa5 8. Bd2 Qxc5 9. 0-0 Nc6 10. Be3 Qh5 11. Qd3 Bg4 12. Bf4 Nb4 13. Qe2 Nxc2 14. Qxc2 Bxf3 15. Bxf3 Qxf3 16. h3 Rfc8 17. Rfe1 b5 18. Re3 Qh5 19. Qb3 Qxh3 20. Qxb5 Ng4 21. Nd1 Rc2 0-1